México : (Record no. 86306)
[ view plain ]
| 000 -CABECERA | |
|---|---|
| campo de control de longitud fija | 00864nmm a2200205 a 4500 |
| 005 - FECHA Y HORA DE LA ÚLTIMA TRANSACCIÓN | |
| campo de control | 20210219153856.0 |
| 008 - ELEMENTOS DE LONGITUD FIJA--INFORMACIÓN GENERAL | |
| campo de control de longitud fija | 011002s2000 r 000 0 eng d |
| 035 ## - NÚMERO DE CONTROL DEL SISTEMA | |
| Número de control de sistema | UPN01000112398 |
| 049 ## - COLECCIÓN | |
| Colección | I |
| 050 #4 - SIGNATURA TOPOGRÁFICA DE LA BIBLIOTECA DEL CONGRESO | |
| Número de clasificación | LB1582 M4 |
| Número de documento/Ítem | M4.8 |
| 245 00 - MENCIÓN DE TÍTULO | |
| Título | México : |
| Resto del título | geografía / |
| Mención de responsabilidad, etc. | programación Guillermo Cañedo... [et al.] |
| 260 ## - PUBLICACIÓN, DISTRIBUCIÓN, ETC. | |
| Lugar de publicación, distribución, etc. | México : |
| Nombre del editor, distribuidor, etc. | Vermic, |
| Fecha de publicación, distribución, etc. | c2000 |
| 300 ## - DESCRIPCIÓN FÍSICA | |
| Extensión | 1 disco óptico de computador : |
| Otras características físicas | son., col. : |
| Dimensiones | 4 3/4 plg. |
| 538 ## - NOTA DE DETALLES DEL SISTEMA | |
| Nota de detalles del sistema | Requisitos del sistema: Computadora Pentium o superior; 16 Mb. de memoria RAM; Windows 9X o superior Espacio en disco duro para su instalación; Unidad CD-ROM; Monitor VGA 256 colores; Tarjeta de sonido; Mouse. |
| 521 ## - NOTA DE AUDIENCIA | |
| Nota de público destinatario | Recomendado para educación primaria y secundaria. |
| 651 ## - ASIENTO SECUNDARIO DE MATERIA - NOMBRE GEOGRAFICO | |
| Nombre geográfico | MEXICO - |
| Subdivisión general | GEOGRAFIA HISTORIA - |
| Subdivisión de forma | MAPAS. |
| 700 ## - ASIENTO SECUNDARIO--NOMBRE DE PERSONAL | |
| Nombre de persona | Cañedo, Guillermo, |
| Término indicativo de función/relación | coaut. |
| 901 ## - ELEMENTOS DE DATOS A LOCAL LDA (RLIN) | |
| a | 183638 |
| 905 ## - TIPO DE MATERIAL | |
| Tipo de material | Electronicos |
| Estado de retiro | Estado de pérdida | Fuente del sistema de clasificación o colocación | Estado dañado | No para préstamo | Código de colección | Localización permanente | Ubicación/localización actual | Ubicación en estantería | Total de préstamos | Clasificación | Código de barras | Fecha visto por última vez | Número de copia | Tipo de ítem Koha |
|---|---|---|---|---|---|---|---|---|---|---|---|---|---|---|
| Library of Congress Classification | Infantil | Bib. Gregorio Torres Quintero | Bib. Gregorio Torres Quintero | Sala infantil Planta baja | LB1582 M4 M4.8 | 183638 | 31/12/2020 | 1 | Formato Digital |
